Statistiques concernant Pays les plus proches de Chine - 30 secondes sprint

Cliquez ici pour prendre le quiz!

Statistiques générales

  • Ce quiz a été pris 60 fois
  • Le résultat moyen est 11 sur 20

Statistiques - réponses

kmpays% Correct
0Russie
94%
0Mongolie
80%
0Inde
78%
0Corée du Nord
76%
263Corée du Sud
74%
331Japon
70%
0Laos
70%
0Viêt Nam
66%
0Népal
60%
0Kazakhstan
56%
0Bhoutan
52%
115Thaïlande
44%
0Myanmar
42%
0Pakistan
42%
4Taïwan
34%
0Kirghizistan
30%
94Bangladesh
28%
0Afghanistan
26%
108Ouzbékistan
24%
0Tadjikistan
18%

Distribution des résultats

Percentile par nombre de réponses

% des personnes avec chaque résultat

Votre développement - résultats

Vous n’avez pas pris ce quiz